00889nam a22002537a 45000010008000000030009000080050017000170070008000340080041000420200018000830400022001011000017001232450086001402600083002263000029003094900032003387000035003708300032004059420012004379450027004499520105004769560039005819990015006203311374DO-SdBNP20180223102017.03311374080208s2007 sp a 00 0 spa  a9788493513788 aBPMSUbspacBPMSU1 aPuya, Paloma13aEl misterio de la llave de hielo /cPaloma Puya ; ilustraciones, Ana Burgos Baena aEl Puerto de Santa María, EpañabCompañía Oriental de la Tinta,c2007. a134 p ; bil.: c24 cm. 0 aLas 3 hijas del dragónv31 aBurgos Baena, Anad1981-eil.  0aLas 3 hijas del dragónn3 2ddccBK aInventariado, 2018/ YL 00102ddc40708CI-GaBPMETbBPMETd2015-11-06eFUNDIl0pBPMSU15110102r2015-11-06w2015-11-06yBK aVMATEO2103201511066BPMSU800151 c8588d8588